Black midi songs by lyrics - Statistics

General Stats
  • This quiz has been taken 39 times
  • The average score is 9 of 13
Answer Stats
Hint Answer % Correct
She moves with a purpose, what a magnificent purpose bmbmbm
100%
Our bullets were made for men like you, the impotent idiots god forgot Welcome to hell
97%
Each day you wake and each night you sleep, I'll be there in your chest! Burning! Burning! Eat men eat
91%
My chest feels awful tight, thank you for listening, good night, good night, good night! 27 questions
85%
Everyone loves ascending fourths Ascending forth
79%
I dream of a woman with the teeth of a raven and the hands of a porcupine Of Schlagenheim
79%
My girls are destined for hell, or so says our priest, but find me a christian who spends as much time on their knees The Defence
79%
Please stop all of this strange fantasy 953
68%
The curtain is a patchwork, of imitation vermillion John L
68%
No gang affiliation no mob justice, murder! Dangerous liaisons
62%
That was "8 weeks in may" by the Orange tree boys Half-time
59%
Cracking, snapping little footsteps Slow
41%
Pull out feathers, tear off cellophane Talking heads
24%
No matching quizzes found
Score Distribution
Percent of People with Each Score
Percentile by Number Answered
Your Score History
You have not taken this quiz